Novak Djokovic - Route to the 2022 Wimbledon Trophy - Statistics

General Stats
  • This quiz has been taken 24 times
  • The average score is 5 of 7
Answer Stats
Round Result Country Opponent % Correct
SF 3:1 (2:6,6:3,6:2,6:4) United Kingdom Cameron Norrie
92%
F 3:1 (4:6,6:3,6:4,7:6) Australia Nick Kyrgios
92%
QF 3:2 (5:7,2:6,6:3,6:2,6:2) Italy Jannik Sinner
83%
R32 3:0 (6:0,6:3,6:4) Serbia Miomir Kecmanović
67%
R128 3:1 (6:3,3:6,6:3,6:4) South Korea Soon-woo Kwon
67%
R16 3:1 (6:2,4:6,6:1,6:2) Netherlands Tim van Rijthoven
54%
R64 3:0 (6:1,6:4,6:2) Australia Thanasi Kokkinakis
29%
No matching quizzes found
Score Distribution
Percent of People with Each Score
Percentile by Number Answered
Your Score History
You have not taken this quiz